000 00415nam a22001457a 4500
999 _c64293
_d64293
005 20181129141531.0
020 _c00.00
035 _aB-61015
037 _aDPL
_bENG
100 _aMukhyananda, Swami
245 _aHinduism :
_bThe eternal Dharma /
_cby Swami Mukhyananda
260 _aCalcutta
_bCentre for Reshaping our World-View
_c2000
300 _a182p.
_c18 cms.
942 _2ddc
_cEN
_h220
_mMUK